Group process and the inductive method : (Record no. 17941)
[ view plain ]
| 000 -LEADER | |
|---|---|
| fixed length control field | 01291nam a2200373 a 4500 |
| 001 - CONTROL NUMBER | |
| control field | 2957530 |
| 003 - CONTROL NUMBER IDENTIFIER | |
| control field | OSt |
| 005 - DATE AND TIME OF LATEST TRANSACTION | |
| control field | 20140310182953.0 |
| 008 - FIXED-LENGTH DATA ELEMENTS--GENERAL INFORMATION | |
| fixed length control field | 930904s1990 ph a bf 000 0 eng d |
| 010 ## - LIBRARY OF CONGRESS CONTROL NUMBER | |
| LC control number | 90943897 |
| 020 ## - INTERNATIONAL STANDARD BOOK NUMBER | |
| International Standard Book Number | 9789715505659 |
| 035 ## - SYSTEM CONTROL NUMBER | |
| System control number | (OCoLC)26498167 |
| 040 ## - CATALOGING SOURCE | |
| Original cataloging agency | AzTeS |
| Transcribing agency | AzTeS |
| Modifying agency | DLC |
| 042 ## - AUTHENTICATION CODE | |
| Authentication code | lccopycat |
| 043 ## - GEOGRAPHIC AREA CODE | |
| Geographic area code | a-ph--- |
| 050 04 - LIBRARY OF CONGRESS CALL NUMBER | |
| Classification number | HM 134 |
| Item number | .Or77 2008 |
| 100 1# - MAIN ENTRY--PERSONAL NAME | |
| Personal name | Ortigas, Carmela D. |
| 245 10 - TITLE STATEMENT | |
| Title | Group process and the inductive method : |
| Remainder of title | theory and practice in the Philippines / |
| Statement of responsibility, etc | Carmela D. Ortigas. |
| 260 ## - PUBLICATION, DISTRIBUTION, ETC. (IMPRINT) | |
| Place of publication, distribution, etc | Manila : |
| Name of publisher, distributor, etc | Ateneo de Manila University Press, |
| Date of publication, distribution, etc | 2008. |
| 300 ## - PHYSICAL DESCRIPTION | |
| Extent | 181 p. : |
| Other physical details | ill. ; |
| Dimensions | 26 cm. |
| 500 ## - GENERAL NOTE | |
| General note | "Handbook for facilitators"--Cover. |
| 504 ## - BIBLIOGRAPHY, ETC. NOTE | |
| Bibliography, etc | Includes bibliographical references (p. 179-181). |
| 521 ## - TARGET AUDIENCE NOTE | |
| Target audience note | |
| 562 ## - COPY AND VERSION IDENTIFICATION NOTE | |
| Number of copies | for circulation. 1 copy available in the collection |
| 650 #0 - SUBJECT ADDED ENTRY--TOPICAL TERM | |
| Topical term or geographic name as entry element | Communication in small groups |
| Geographic subdivision | Philippines |
| General subdivision | Handbooks, manuals, etc. |
| 650 #0 - SUBJECT ADDED ENTRY--TOPICAL TERM | |
| Topical term or geographic name as entry element | Interpersonal communication |
| General subdivision | Study and teaching |
| Geographic subdivision | Philippines. |
| 650 #0 - SUBJECT ADDED ENTRY--TOPICAL TERM | |
| Topical term or geographic name as entry element | Group relations training. |
| 650 #0 - SUBJECT ADDED ENTRY--TOPICAL TERM | |
| Topical term or geographic name as entry element | Group counseling. |
| 906 ## - LOCAL DATA ELEMENT F, LDF (RLIN) | |
| a | 7 |
| b | cbc |
| c | copycat |
| d | 4 |
| e | ncip |
| f | 19 |
| g | y-gencatlg |
| 942 ## - ADDED ENTRY ELEMENTS (KOHA) | |
| Source of classification or shelving scheme | Library of Congress Classification |
| Koha item type | Books |
| Call number prefix | Local |
| Withdrawn status | Lost status | Source of classification or shelving scheme | Damaged status | Home library | Current library | Shelving location | Date acquired | Total Checkouts | Total Renewals | Full call number | Barcode | Date last seen | Date checked out | Copy number | Price effective from | Koha item type |
|---|---|---|---|---|---|---|---|---|---|---|---|---|---|---|---|---|
| Library of Congress Classification | College Library | College Library | General Circulation Section | 02/06/2013 | 1 | 19 | HM 134 .Or77 2008 | C14388 | 05/15/2018 | 07/04/2016 | 1 | 02/06/2013 | Books | |||
| Library of Congress Classification | College Library | College Library | General Circulation Section | 11/26/2013 | HM 134 .Or77 2008 | C14389 | 05/15/2018 | 2 | 11/26/2013 | Books |